002850000a22001210004500020001800000082001600018100002800034100002500062245003300087260002600120260000900146300000800155 a9781617798177 a581.807 LOY aLoyola-vargas, Victor M aOchoa-Alejo, Neftali aPlant cell culture protocols aNewyork, Humana press c2012 a430